000 00845cam a2200241 a 4500
001 000019350
005 20200929170006.0
008 741230s1969 sp 001 e spa d
035 _a(OCoLC)1125311
040 _aDO-SdBNP
_cOTU
_dOCoLC
_dDLC
082 _a864.64
_bG216c
100 1 _aGarciasol, Ramón de,
_d1913-1994
_941582
245 1 0 _aClaves de España :
_bCervantes y El Quijote /
_cRamón de Garciasol.
260 _aMadrid, :
_bEspasa-Calpe,
_c1969.
300 _a314 p. ;
_c18 cm.
490 1 _aAustral. Violeta: teatro y poesía
_v1430
650 4 _aEnsayos españoles
_93095
600 1 4 _aCERVANTES SAAVEDRA, MIGUEL DE,
_d1547-1616
_xCRÍTICA E INTERPRETACIÓN
_913728
650 4 _aLiteratura española
_9632
830 0 _aAustral.
_pVioleta: teatro y poesía;
_v1430
_939559
910 _aCatalogación derivada / LC
910 _aWM
999 _c18867
_d18867